[Event "2.BLS 1718 SC Untergrombach - FB Mörle"]
[Site "?"]
[Date "2017.10.23"]
[Round "1.3"]
[White "Dittmar, Peter"]
[Black "Maier, Christian"]
[Result "0-1"]
[WhiteElo "2266"]
[BlackElo "2399"]
[PlyCount "72"]
[EventDate "2017.??.??"]

1. d4 Nf6 2. Nc3 d5 3. Bf4 a6 4. e3 c5 5. dxc5 Nc6 6. Nf3 e6 7. Na4 Nd7 8. c3
Nxc5 9. Be2 Ne4 10. Nd4 Bd7 11. f3 Nf6 12. Nxc6 Bxc6 13. Qd4 Bd6 14. Nb6 Bxf4
15. exf4 Rb8 16. O-O O-O 17. a4 Nh5 18. g3 f6 19. a5 Qe8 20. Qd2 e5 21. fxe5
fxe5 22. Nxd5 Rd8 23. c4 Kh8 24. Ra3 Qg6 25. Bd3 Qd6 26. Qe3 Bxd5 27. cxd5 Nf6
28. Be4 Nxd5 29. Qe2 Qb4 30. Rd1 Nf6 31. Rxd8 Rxd8 32. Bd3 Rd5 33. Bc4 Rd4 34.
Bd3 Rd5 35. Bc4 Rc5 36. Rd3 Qxc4 0-1

[Event "2.BLS 1718 SC Untergrombach - FB Mörle"]
[Site "?"]
[Date "2017.10.23"]
[Round "1.4"]
[White "Fuchs, Heinz"]
[Black "Legde, Georg"]
[Result "1/2-1/2"]
[WhiteElo "2251"]
[BlackElo "2312"]
[PlyCount "92"]
[EventDate "2017.??.??"]

1. d4 Nf6 2. c4 e6 3. Nf3 b6 4. a3 Bb7 5. Nc3 d5 6. cxd5 Nxd5 7. Qc2 Be7 8. e4
Nxc3 9. bxc3 c5 10. Bb5+ Bc6 11. Bd3 O-O 12. O-O Nd7 13. Qe2 Re8 14. Bb2 Qc7
15. Rfe1 Rad8 16. Qe3 Bb7 17. Nd2 Qc8 18. Rad1 Ba6 19. Bb1 e5 20. Ba2 cxd4 21.
cxd4 Qc2 22. Qb3 Qxb3 23. Nxb3 Bf6 24. d5 Rc8 25. Bb1 Bb5 26. Nd2 Nc5 27. Nf3
Na4 28. Ba1 Nc3 29. Rd2 Ba4 30. g4 h6 31. Kg2 Bd7 32. h3 Nb5 33. Bb2 Nd6 34.
Bd3 b5 35. Rdd1 Nb7 36. Rc1 Nc5 37. Bb1 a5 38. Re3 Na4 39. Rxc8 Bxc8 40. Ba1
Bd7 41. Bc2 Nb6 42. Rc3 Nxd5 43. exd5 e4 44. Rc7 exf3+ 45. Kxf3 Bxa1 46. Rxd7
Bb2 1/2-1/2

[Event "2.BLS 1718 SC Untergrombach - FB Mörle"]
[Site "?"]
[Date "2017.10.23"]
[Round "1.5"]
[White "Peter, Sebastien"]
[Black "Sieglen, Joachim"]
[Result "1-0"]
[WhiteElo "2251"]
[BlackElo "2232"]
[PlyCount "57"]
[EventDate "2017.??.??"]

1. e4 e6 2. d4 d5 3. Nd2 Nf6 4. e5 Nfd7 5. c3 c5 6. Bd3 Nc6 7. Ne2 cxd4 8. cxd4
f6 9. exf6 Nxf6 10. O-O Bd6 11. Nf3 Qc7 12. Bg5 O-O 13. Bh4 Nh5 14. Qc2 h6 15.
Bh7+ Kh8 16. Bg6 Nf4 17. Nxf4 Rxf4 18. Bg3 Rf6 19. Rac1 Bxg3 20. hxg3 Qd8 21.
Ne5 Nxd4 22. Qd2 Qb6 23. Bb1 Nf5 24. Qc2 Qd6 25. Rfe1 Kg8 26. g4 Ne7 27. Qh7+
Kf8 28. Qh8+ Ng8 29. Bh7 1-0

[Event "2.BLS 1718 SC Untergrombach - FB Mörle"]
[Site "?"]
[Date "2017.10.23"]
[Round "1.6"]
[White "Schneider, Bernd"]
[Black "Boehmer, Christian"]
[Result "0-1"]
[WhiteElo "2291"]
[BlackElo "2157"]
[PlyCount "118"]
[EventDate "2017.??.??"]

1. e4 e6 2. d4 d5 3. Bd3 dxe4 4. Bxe4 Nf6 5. Bf3 c5 6. Ne2 Nc6 7. c3 cxd4 8.
cxd4 Be7 9. O-O Bd7 10. a3 Rc8 11. b4 b5 12. Nbc3 a5 13. Nxb5 axb4 14. a4 Na5
15. Bf4 Qb6 16. Qd3 O-O 17. Be5 Bc6 18. Rab1 Nd5 19. Rfc1 Bg5 20. Re1 Be7 21.
Be4 f5 22. Bf3 Rfd8 23. Rb2 Bxb5 24. Qxb5 Qxb5 25. axb5 Nc4 26. Rbb1 Na3 27.
Rb2 Nc4 28. Rb3 Nd2 29. Bxd5 Rxd5 30. Rg3 Bf8 31. b6 Rb5 32. Bc7 Nc4 33. Rb3
Nxb6 34. Bxb6 Rxb6 35. h3 Bd6 36. g3 Ra6 37. Kg2 Ra3 38. Reb1 Rc2 39. Kf3 Raa2
40. Re3 Kf7 41. h4 g6 42. Rf1 h6 43. Nc1 Ra1 44. Ree1 Rc3+ 45. Ke2 Raa3 46. Kd2
g5 47. hxg5 hxg5 48. Rh1 Bf8 49. d5 exd5 50. Re5 Rf3 51. Rxd5 Rxf2+ 52. Ke1 Rc2
53. Kd1 Rxc1+ 54. Kxc1 Ra1+ 55. Kc2 Rxh1 56. Rxf5+ Kg7 57. Rxg5+ Kf6 58. Rg4
Bd6 59. Rd4 Ke5 0-1

[Event "2.BLS 1718 SC Untergrombach - FB Mörle"]
[Site "?"]
[Date "2017.10.23"]
[Round "1.7"]
[White "Felgendreher, Heiko"]
[Black "Cofman, Veaceslav"]
[Result "1/2-1/2"]
[WhiteElo "2191"]
[BlackElo "2181"]
[PlyCount "209"]
[EventDate "2017.??.??"]

1. e4 e6 2. d4 d5 3. Nc3 Nf6 4. Bg5 Be7 5. e5 Nfd7 6. h4 h6 7. Bxe7 Qxe7 8. Qg4
O-O 9. O-O-O a6 10. f4 f5 11. exf6 Nxf6 12. Qe2 c5 13. dxc5 Qxc5 14. g4 d4 15.
Ne4 Qd5 16. Nxf6+ Rxf6 17. Bg2 Qxa2 18. Rxd4 Bd7 19. g5 Rf8 20. gxh6 Qa1+ 21.
Kd2 Qxb2 22. Qe5 Rf6 23. Ne2 Rxh6 24. Rh3 Qb5 25. Rg3 Qxe5 26. fxe5 a5 27. Rdg4
g6 28. Nf4 Be8 29. Nxg6 Rxg6 30. Rxg6+ Bxg6 31. Rxg6+ Kf7 32. Rf6+ Ke7 33. Bxb7
Ra7 34. Bc8 Nd7 35. Rh6 Nf8 36. Kc1 a4 37. Kb2 Ra8 38. Bxe6 a3+ 39. Ka2 Ra6 40.
Rf6 Nxe6 41. Rf3 Ra5 42. Rxa3 Rxe5 43. Ra4 Re2 44. Rc4 Kd6 45. Kb3 Kd5 46. Rc8
Rh2 47. c4+ Kd4 48. Re8 Nc5+ 49. Ka3 Kc3 50. Rg8 Rh3 51. Rg4 Rh1 52. Rg3+ Kxc4
53. Rg4+ Kc3 54. Rg3+ Nd3 55. Ka4 Rxh4+ 56. Kb5 Rf4 57. Rg5 Kd4 58. Rh5 Ne5 59.
Rh8 Nf7 60. Rh5 Rf1 61. Kb6 Ne5 62. Rh8 Rb1+ 63. Kc7 Kd5 64. Rd8+ Kc5 65. Rh8
Rg1 66. Rh7 Rg5 67. Re7 Nc4 68. Rh7 Nb6 69. Rf7 Nd5+ 70. Kd7 Rg6 71. Rf1 Rg7+
72. Ke8 Kd6 73. Rd1 Ra7 74. Kf8 Ke6 75. Re1+ Kf5 76. Rf1+ Nf4 77. Ke8 Ke6 78.
Re1+ Kd6 79. Rd1+ Nd5 80. Kf8 Ra3 81. Kf7 Rf3+ 82. Kg6 Ke6 83. Re1+ Ne3 84. Kg5
Ke5 85. Kg6 Kd4 86. Ra1 Nc4 87. Ra8 Ke4 88. Ra4 Kd5 89. Ra8 Rf1 90. Kg5 Ke4 91.
Ra4 Rf5+ 92. Kg6 Rc5 93. Kf6 Rc6+ 94. Kg5 Ke5 95. Ra1 Nd6 96. Ra5+ Ke6 97. Kf4
Rb6 98. Ra4 Kf6 99. Ke3 Rb5 100. Ra6 Ke5 101. Ra8 Rb3+ 102. Ke2 Kf4 103. Rf8+
Ke4 104. Rh8 Rb2+ 105. Kd1 1/2-1/2

[Event "2.BLS 1718 SC Untergrombach - FB Mörle"]
[Site "?"]
[Date "2017.10.23"]
[Round "1.8"]
[White "Kountz, Jochen"]
[Black "Schaefer, Michael"]
[Result "0-1"]
[WhiteElo "2349"]
[BlackElo "2197"]
[PlyCount "80"]
[EventDate "2017.??.??"]

1. e4 c5 2. Nf3 g6 3. d4 cxd4 4. Nxd4 Bg7 5. Nb3 Nc6 6. Be2 Nf6 7. Nc3 O-O 8.
O-O a5 9. a4 Nb4 10. Bf3 d6 11. Nd5 Nfxd5 12. exd5 Bf5 13. c3 Nd3 14. Nd4 Bxd4
15. cxd4 Nxc1 16. Rxc1 Qb6 17. Qd2 Rfc8 18. Rfe1 Rxc1 19. Rxc1 Rc8 20. Rxc8+
Bxc8 21. Qc3 Bd7 22. b3 Bxa4 23. Be2 Bd7 24. h4 h5 25. Qe3 e5 26. dxe6 Bxe6 27.
Kh2 Qd8 28. g3 Bd5 29. Bf3 Bxf3 30. Qxf3 b5 31. Qd5 Qb6 32. f4 Kg7 33. f5 a4
34. b4 a3 35. Qf3 Qa7 36. f6+ Kh7 37. Qe2 a2 38. Qe7 a1=Q 39. Qf8 Q7a2+ 40. Kh3
Qh1# 0-1

[Event "2.BLS 1718 SV Griesheim - SC Emmendinge"]
[Site "?"]
[Date "2017.10.23"]
[Round "2.1"]
[White "Rausis, Igors"]
[Black "Bulski, Krzysztof"]
[Result "1-0"]
[WhiteElo "2632"]
[BlackElo "2536"]
[PlyCount "73"]
[EventDate "2017.??.??"]

1. d4 Nf6 2. Nf3 g6 3. c4 Bg7 4. g3 d5 5. cxd5 Nxd5 6. Bg2 Nb6 7. O-O Nc6 8.
Nc3 Nxd4 9. Nxd4 Bxd4 10. Nb5 Be5 11. Qxd8+ Kxd8 12. Rd1+ Nd7 13. f4 a6 14. Na3
Bd6 15. Be3 c6 16. Nc4 Bc7 17. Rd2 Ke8 18. Rad1 a5 19. Bd4 f6 20. e4 b5 21. Na3
e5 22. Be3 Rb8 23. Rc2 Bb6 24. Kf2 Bxe3+ 25. Kxe3 Bb7 26. Bh3 exf4+ 27. gxf4
Nb6 28. Rd6 b4 29. Nc4 Nxc4+ 30. Rxc4 Rf8 31. Rc5 Rd8 32. Re6+ Kf7 33. Rxa5
Rfe8 34. Rxe8 Kxe8 35. Ra7 Rb8 36. Kd4 Bc8 37. Rxh7 1-0

[Event "2.BLS 1718 SV Griesheim - SC Emmendinge"]
[Site "?"]
[Date "2017.10.23"]
[Round "2.2"]
[White "Tazbir, Marcin"]
[Black "Hera, Imre"]
[Result "1/2-1/2"]
[WhiteElo "2513"]
[BlackElo "2619"]
[PlyCount "37"]
[EventDate "2017.??.??"]

1. e4 c5 2. Nf3 e6 3. d4 cxd4 4. Nxd4 a6 5. Bd3 Nf6 6. Qe2 d6 7. O-O g6 8. c4
Bg7 9. Nc3 O-O 10. Rd1 Nbd7 11. Nf3 Qc7 12. h3 b6 13. Bf4 Nh5 14. Bg5 Bb7 15.
Rac1 Rac8 16. Qe3 Rfe8 17. Be2 Bf8 18. Bh6 Ng7 19. b3 1/2-1/2

[Event "2.BLS 1718 SV Griesheim - SC Emmendinge"]
[Site "?"]
[Date "2017.10.23"]
[Round "2.3"]
[White "Baklan, Vladimir"]
[Black "Jarmula, Lukasz"]
[Result "1/2-1/2"]
[WhiteElo "2600"]
[BlackElo "2467"]
[PlyCount "37"]
[EventDate "2017.??.??"]

1. e4 e6 2. d4 d5 3. Nd2 c5 4. Ngf3 cxd4 5. Nxd4 Nc6 6. Bb5 Bd7 7. Nxc6 bxc6 8.
Bd3 Bd6 9. O-O Qc7 10. Nf3 Nf6 11. Qe2 dxe4 12. Bxe4 Nxe4 13. Qxe4 O-O 14. Rd1
Rad8 15. Bd2 c5 16. Qe1 Qb8 17. Ba5 Rc8 18. Bc3 Bc6 19. Ne5 1/2-1/2

[Event "2.BLS 1718 SV Griesheim - SC Emmendinge"]
[Site "?"]
[Date "2017.10.23"]
[Round "2.4"]
[White "Walter, Stefan"]
[Black "Shevchenko, Kirill"]
[Result "0-1"]
[WhiteElo "2404"]
[BlackElo "2531"]
[PlyCount "130"]
[EventDate "2017.??.??"]

1. d4 d6 2. e4 Nf6 3. f3 e5 4. dxe5 dxe5 5. Qxd8+ Kxd8 6. Bc4 Ke8 7. Be3 Nbd7
8. Kf2 Bc5 9. Ne2 c6 10. a4 a5 11. Nc1 Ke7 12. Nd3 Bxe3+ 13. Kxe3 Ne8 14. Nd2
f6 15. Rhd1 Nd6 16. c3 b6 17. b4 Bb7 18. Nb2 b5 19. Be2 axb4 20. cxb4 bxa4 21.
Nxa4 Ba6 22. Nb3 Bxe2 23. Kxe2 Rhc8 24. Nc3 Nc4 25. b5 Rxa1 26. Rxa1 cxb5 27.
Nxb5 Rb8 28. Na3 Nd6 29. Rb1 Ra8 30. Ra1 Rb8 31. Rb1 Nf8 32. g3 Ne6 33. Nc2 Nb5
34. Ra1 Nc3+ 35. Kd3 Rxb3 36. Kc4 Rb1 37. Kxc3 Rxa1 38. Nxa1 Ng5 39. h4 Nxf3
40. Nc2 Ke6 41. Kd3 h5 42. Ne3 Nd4 43. Nf1 Nb5 44. Ke3 f5 45. exf5+ Kxf5 46.
Kf3 Nd4+ 47. Ke3 Nc6 48. Nd2 Kg4 49. Ne4 Ne7 50. Kf2 Nd5 51. Nd6 Nf6 52. Kg2 e4
53. Kf2 Kh3 54. Ke3 Kxg3 55. Nf5+ Kh3 56. Kf4 g6 57. Ne7 Kxh4 58. Nxg6+ Kh3 59.
Ne7 Kg2 60. Nf5 Kf2 61. Ne3 h4 62. Nd1+ Kg1 63. Nc3 h3 64. Ke3 Nd5+ 65. Nxd5 h2
0-1

[Event "2.BLS 1718 SV Griesheim - SC Emmendinge"]
[Site "?"]
[Date "2017.10.23"]
[Round "2.5"]
[White "Korpa, Bence"]
[Black "Baskin, Robert"]
[Result "1/2-1/2"]
[WhiteElo "2482"]
[BlackElo "2311"]
[PlyCount "147"]
[EventDate "2017.??.??"]

1. Nf3 Nf6 2. g3 g6 3. b3 Bg7 4. Bb2 d5 5. c4 O-O 6. Bg2 Nc6 7. O-O d4 8. b4
Bg4 9. Qb3 a5 10. b5 a4 11. Qa3 Bxf3 12. exf3 Nb8 13. f4 c6 14. Qf3 Qb6 15. Na3
Nbd7 16. Rfe1 Rfe8 17. Nc2 cxb5 18. Bxd4 Qc7 19. Qxb7 Qxc4 20. Bc3 Rab8 21. Qc6
Qxc6 22. Bxc6 Rec8 23. Nb4 e6 24. Rac1 Bf8 25. g4 Rb6 26. g5 Bxb4 27. Bxd7 Nxd7
28. Bxb4 Rbc6 29. Rxc6 Rxc6 30. Rb1 Nb6 31. Ba3 Nc4 32. Be7 Rc7 33. Bf6 Na3 34.
Re1 Nc4 35. d3 Nb6 36. Rb1 Nd5 37. Rxb5 Nxf6 38. gxf6 h6 39. Ra5 Rd7 40. Rxa4
Rxd3 41. Kg2 Kh7 42. h4 Rd5 43. Kg3 g5 44. fxg5 hxg5 45. hxg5 Rxg5+ 46. Rg4 Rf5
47. a4 Rxf6 48. f4 e5 49. fxe5 Rf1 50. Rf4 Re1 51. Rxf7+ Kg6 52. Rf6+ Kg5 53.
a5 Rxe5 54. Ra6 Rb5 55. Kf3 Kf5 56. Ra8 Rb3+ 57. Ke2 Ra3 58. a6 Kg6 59. Kd2 Kg7
60. Kc2 Rf3 61. Rb8 Ra3 62. Rb6 Kf7 63. Kb2 Ra5 64. Rh6 Kg7 65. Rb6 Kf7 66. Kb3
Ke7 67. Kb4 Ra1 68. Kc5 Kd7 69. Rb7+ Kc8 70. Kb6 Rb1+ 71. Ka7 Ra1 72. Rb5 Rc1
73. Kb6 Kb8 74. Rg5 1/2-1/2

[Event "2.BLS 1718 SV Griesheim - SC Emmendinge"]
[Site "?"]
[Date "2017.10.23"]
[Round "2.6"]
[White "Keller, Peter"]
[Black "Sokolov, Andrei"]
[Result "0-1"]
[WhiteElo "2201"]
[BlackElo "2496"]
[PlyCount "60"]
[EventDate "2017.??.??"]

1. e4 c5 2. Nf3 e6 3. g3 Nc6 4. Bg2 Nf6 5. Qe2 Be7 6. O-O O-O 7. e5 Nd5 8. c3
d6 9. d4 cxd4 10. cxd4 Bd7 11. Nbd2 Qc7 12. b3 a5 13. Bb2 a4 14. Rfc1 a3 15.
Bc3 Nxc3 16. Rxc3 d5 17. Rd1 Qa5 18. Rcc1 Nb4 19. Nf1 Bb5 20. Qd2 Bd3 21. Ne3
Rfc8 22. Ne1 Bg6 23. Bf1 Qb6 24. f4 Rxc1 25. Rxc1 Nxa2 26. Qxa2 Qxd4 27. N1g2
Be4 28. Rd1 Qb2 29. Rd2 Qxd2 30. Qxd2 a2 0-1

[Event "2.BLS 1718 SV Griesheim - SC Emmendinge"]
[Site "?"]
[Date "2017.10.23"]
[Round "2.7"]
[White "Cvitan, Ognjen"]
[Black "Nothnagel, Marian Can"]
[Result "1/2-1/2"]
[WhiteElo "2478"]
[BlackElo "2178"]
[PlyCount "37"]
[EventDate "2017.??.??"]

1. d4 Nf6 2. c4 g6 3. Nf3 Bg7 4. g3 O-O 5. Bg2 d6 6. Nc3 Nc6 7. O-O a6 8. d5
Na5 9. b3 c5 10. dxc6 Nxc6 11. Bb2 Bf5 12. Qc1 Rc8 13. Rd1 b5 14. Nd5 Nxd5 15.
Bxg7 Kxg7 16. cxd5 Ne5 17. Qe3 Nxf3+ 18. Bxf3 Re8 19. a4 1/2-1/2

[Event "2.BLS 1718 SV Griesheim - SC Emmendinge"]
[Site "?"]
[Date "2017.10.23"]
[Round "2.8"]
[White "de Visser, Leon"]
[Black "Vatter, Hans-Joachim"]
[Result "1/2-1/2"]
[WhiteElo "2199"]
[BlackElo "2208"]
[PlyCount "36"]
[EventDate "2017.??.??"]

1. c4 e5 2. Nc3 Bb4 3. Qc2 Nf6 4. e3 O-O 5. Nge2 Re8 6. a3 Bxc3 7. Nxc3 c6 8.
Be2 d5 9. O-O d4 10. Nd1 a5 11. d3 a4 12. e4 Nfd7 13. Bg4 Nc5 14. Bxc8 Qxc8 15.
f4 f6 16. f5 Nbd7 17. Rf3 Nb3 18. Rb1 Ndc5 1/2-1/2

[Event "2.BLS 1718 SC Heusenstamm - OSG Baden B"]
[Site "?"]
[Date "2017.10.23"]
[Round "2.1"]
[White "Gledura, Benjamin"]
[Black "Sadzikowski, Daniel"]
[Result "1/2-1/2"]
[WhiteElo "2600"]
[BlackElo "2590"]
[PlyCount "66"]
[EventDate "2017.??.??"]

1. d4 Nf6 2. c4 e6 3. g3 d5 4. Bg2 Bb4+ 5. Nd2 O-O 6. Ngf3 b6 7. O-O Bb7 8. a3
Be7 9. b4 a5 10. b5 a4 11. Ne5 c6 12. bxc6 Nxc6 13. Bb2 Nxe5 14. dxe5 Ne8 15.
Qb1 Nc7 16. Rd1 Qb8 17. e4 dxc4 18. Nxc4 Ba6 19. Nd6 Nb5 20. Qc2 Nxd6 21. exd6
Bxd6 22. e5 Bc5 23. Bxa8 Qxa8 24. Bd4 Qc6 25. Bxc5 Bb7 26. Kf1 bxc5 27. Qc3 f6
28. Rd6 Qg2+ 29. Ke2 fxe5 30. Rf1 Bd5 31. Qxc5 Rb8 32. Rc1 Rb2+ 33. Rc2 Qf3+
1/2-1/2

[Event "2.BLS 1718 SC Heusenstamm - OSG Baden B"]
[Site "?"]
[Date "2017.10.23"]
[Round "2.3"]
[White "Halkias, Stelios"]
[Black "Wieczorek, Oskar"]
[Result "1/2-1/2"]
[WhiteElo "2583"]
[BlackElo "2455"]
[PlyCount "207"]
[EventDate "2017.??.??"]

1. Nf3 Nf6 2. d4 g6 3. g3 Bg7 4. Bg2 d5 5. O-O O-O 6. c4 c6 7. cxd5 cxd5 8. Ne5
Bf5 9. Nc3 Ne4 10. Qb3 Nc6 11. Rd1 Nxc3 12. bxc3 Nxe5 13. dxe5 Bxe5 14. Bh6 Bg7
15. Bxg7 Kxg7 16. Qxb7 Qa5 17. Qxe7 Rae8 18. Qb4 Qxb4 19. cxb4 Rxe2 20. Bxd5
Rb2 21. Bb3 Re8 22. Re1 Rxe1+ 23. Rxe1 Bb1 24. Re7 Bxa2 25. Rxf7+ Kg8 26. Bxa2
Rxa2 27. Rb7 a5 28. b5 Rb2 29. Kg2 a4 30. g4 a3 31. Ra7 Rxb5 32. Rxa3 h5 33. h3
hxg4 34. hxg4 Kf7 35. f4 Rb4 36. Kg3 Rc4 37. Ra7+ Kf8 38. Rd7 Ra4 39. Kf3 Rb4
40. Kg3 Ra4 41. Rc7 Rb4 42. Kf3 Ra4 43. Rh7 Rb4 44. Ra7 Rc4 45. Ra5 Kf7 46. Ke3
Rb4 47. Rd5 Ra4 48. Rd4 Ra1 49. Rc4 Rg1 50. Kf3 Kg7 51. Rc7+ Kf8 52. Rd7 Kg8
53. Rd5 Kf7 54. Rd4 Kg7 55. g5 Re1 56. Re4 Ra1 57. Re7+ Kf8 58. Re3 Kf7 59. Rb3
Re1 60. Rb5 Kg7 61. Re5 Ra1 62. Rd5 Re1 63. Rd4 Kf7 64. Re4 Ra1 65. Ke3 Ra3+
66. Kd4 Ra4+ 67. Kd5 Ra5+ 68. Kd4 Ra4+ 69. Ke3 Ra3+ 70. Ke2 Ra2+ 71. Kf3 Ra1
72. Re2 Rb1 73. Re3 Ra1 74. Rc3 Re1 75. Rc2 Rf1+ 76. Ke3 Re1+ 77. Kd3 Rd1+ 78.
Ke2 Ra1 79. Rc6 Ra3 80. Rd6 Rb3 81. Rd3 Rb1 82. Ke3 Re1+ 83. Kd4 Rf1 84. Ke5
Re1+ 85. Kd5 Ra1 86. Rd4 Ra5+ 87. Ke4 Ra7 88. Rd6 Re7+ 89. Kd5 Re1 90. Rf6+ Kg7
91. Rd6 Kf7 92. Rd7+ Kf8 93. Rc7 Re2 94. Rc4 Kf7 95. Rd4 Re1 96. Kd6 Re6+ 97.
Kc5 Re1 98. Rd6 Re4 99. Rf6+ Kg7 100. Kd5 Re1 101. Re6 Rd1+ 102. Ke5 Re1+ 103.
Kd5 Rd1+ 104. Ke5 1/2-1/2

[Event "2.BLS 1718 SC Heusenstamm - OSG Baden B"]
[Site "?"]
[Date "2017.10.23"]
[Round "2.4"]
[White "Poetsch, Hagen"]
[Black "Bellahcene, Bilel"]
[Result "1/2-1/2"]
[WhiteElo "2483"]
[BlackElo "2507"]
[PlyCount "150"]
[EventDate "2017.??.??"]

1. e4 c5 2. Nf3 d6 3. d4 cxd4 4. Nxd4 Nf6 5. Nc3 a6 6. Bg5 Nbd7 7. Qe2 b5 8. g3
Bb7 9. Bg2 e6 10. O-O Be7 11. Rfd1 Rb8 12. a4 bxa4 13. Rxa4 O-O 14. Nb3 Re8 15.
Bf4 Qb6 16. Be3 Qc7 17. Na5 Ba8 18. Nc4 Nc5 19. Bxc5 Qxc5 20. Rxa6 d5 21. exd5
exd5 22. Rxa8 Rxa8 23. Nxd5 Nxd5 24. Bxd5 Bf6 25. Qh5 Qc7 26. Bxa8 Qxc4 27. Bd5
Qc7 28. c3 Rb8 29. Qe2 g6 30. Ra1 Kg7 31. Ra6 Qd8 32. Qf3 Qe7 33. Ra2 Rb5 34.
Kg2 h5 35. b4 h4 36. g4 Rb6 37. Ra5 Be5 38. Qe3 Rf6 39. Bf3 Re6 40. Bd5 Rf6 41.
h3 Qd6 42. Qc5 Qd8 43. Ra8 Bb8 44. Qd4 g5 45. Ra6 Qe7 46. Rxf6 Qxf6 47. Qxf6+
Kxf6 48. Kf3 Be5 49. c4 Bc3 50. b5 Bd4 51. Ke4 Bxf2 52. Bb7 Ke6 53. Bc8+ Kd6
54. Kf5 Be3 55. b6 Kc6 56. c5 Bf4 57. Kf6 Kxc5 58. b7 Kc6 59. b8=Q Bxb8 60.
Kxg5 Be5 61. Kxh4 Kd6 62. Kg5 Ke7 63. Ba6 Kf8 64. Kh6 Kg8 65. h4 Bg7+ 66. Kg5
Bc3 67. h5 Kg7 68. h6+ Kg8 69. Bc4 Bb2 70. Kf5 Bc3 71. g5 Kf8 72. Bxf7 Kxf7 73.
g6+ Kg8 74. g7 Bxg7 75. hxg7 Kxg7 1/2-1/2

[Event "2.BLS 1718 SC Heusenstamm - OSG Baden B"]
[Site "?"]
[Date "2017.10.23"]
[Round "2.5"]
[White "Riff, Jean-Noel"]
[Black "Krejci, Jan"]
[Result "1/2-1/2"]
[WhiteElo "2508"]
[BlackElo "2551"]
[PlyCount "39"]
[EventDate "2017.??.??"]

1. e4 c5 2. Nf3 e6 3. d4 cxd4 4. Nxd4 Nc6 5. Nc3 Qc7 6. Be3 a6 7. a3 Nf6 8. f4
d5 9. e5 Nd7 10. Qd2 Na5 11. Bd3 Nc4 12. Bxc4 Qxc4 13. Nce2 Qc7 14. O-O g6 15.
Nc1 b6 16. Nd3 Bb7 17. a4 Nc5 18. a5 Ne4 19. Qe1 Bc5 20. axb6 1/2-1/2

[Event "2.BLS 1718 SC Heusenstamm - OSG Baden B"]
[Site "?"]
[Date "2017.10.23"]
[Round "2.6"]
[White "Klekowski, Maciej"]
[Black "Burri, Quentin"]
[Result "1/2-1/2"]
[WhiteElo "2484"]
[BlackElo "2393"]
[PlyCount "59"]
[EventDate "2017.??.??"]

1. c4 e5 2. g3 Nf6 3. Bg2 c6 4. d4 e4 5. Nc3 d5 6. cxd5 cxd5 7. f3 Bb4 8. Bg5
Nbd7 9. Nh3 h6 10. Bxf6 Bxc3+ 11. bxc3 Nxf6 12. O-O exf3 13. exf3 O-O 14. Nf4
b6 15. Re1 Qd6 16. Bf1 Bd7 17. Qb3 Rfe8 18. Nd3 Rxe1 19. Rxe1 Rc8 20. Ne5 Be6
21. Ba6 Rc7 22. Bd3 Nd7 23. Nxd7 Qxd7 24. Re3 g6 25. Bb5 Qd6 26. Re5 Kg7 27.
Kf2 Rc8 28. Ke1 h5 29. Kd2 h4 30. Be2 1/2-1/2

[Event "2.BLS 1718 SC Heusenstamm - OSG Baden B"]
[Site "?"]
[Date "2017.10.23"]
[Round "2.7"]
[White "Schmaltz, Roland"]
[Black "Weichhold, Pawel"]
[Result "0-1"]
[WhiteElo "2489"]
[BlackElo "2424"]
[PlyCount "60"]
[EventDate "2017.??.??"]

1. e4 c5 2. Nf3 d6 3. d4 cxd4 4. Nxd4 Nf6 5. Nc3 g6 6. Be3 Bg7 7. f3 O-O 8. Qd2
Nc6 9. Bc4 Bd7 10. Bb3 Rc8 11. O-O-O Nxd4 12. Bxd4 b5 13. Nd5 Nxd5 14. Bxg7
Kxg7 15. exd5 a5 16. a3 b4 17. axb4 axb4 18. Qxb4 Kg8 19. Rhe1 Re8 20. g4 Rb8
21. Qd4 Qa5 22. Re4 f5 23. Rf4 Rec8 24. Ba4 Bxa4 25. Qxa4 Qb6 26. Qd4 Qb3 27.
Rd2 Ra8 28. Kd1 Ra1+ 29. Ke2 Rxc2 30. Kf2 Rd1 0-1

[Event "2.BLS 1718 SC Heusenstamm - OSG Baden B"]
[Site "?"]
[Date "2017.10.23"]
[Round "2.8"]
[White "Barski, Radoslaw"]
[Black "Mutschnik, Illya"]
[Result "1-0"]
[WhiteElo "2443"]
[BlackElo "2431"]
[PlyCount "59"]
[EventDate "2017.??.??"]

1. e4 c5 2. Nf3 e6 3. d4 cxd4 4. Nxd4 Nc6 5. Nc3 Qc7 6. Be3 a6 7. a3 Nf6 8. f4
d6 9. Qf3 Be7 10. O-O-O O-O 11. g4 Nd7 12. g5 Nxd4 13. Bxd4 b5 14. h4 Bb7 15.
g6 fxg6 16. Qg4 e5 17. Bxe5 Nxe5 18. fxe5 Kh8 19. h5 g5 20. h6 g6 21. Bh3 Rad8
22. exd6 Bxd6 23. Kb1 Bf4 24. Nd5 Qe5 25. Rhe1 Bc8 26. Qg2 Bb7 27. Bg4 Rfe8 28.
Qg1 Qb8 29. Nxf4 Rxd1+ 30. Rxd1 1-0

[Event "2.BLS 1718 SC Böblingen - TSV Schönai"]
[Site "?"]
[Date "2017.10.23"]
[Round "2.1"]
[White "Bosiocic, Marin"]
[Black "Gaehwiler, Gabriel"]
[Result "1/2-1/2"]
[WhiteElo "2619"]
[BlackElo "2427"]
[PlyCount "49"]
[EventDate "2017.??.??"]

1. c4 Nf6 2. Nc3 e6 3. e4 d5 4. e5 Ne4 5. d4 Bb4 6. Bd2 Nxd2 7. Qxd2 c5 8. cxd5
cxd4 9. Qxd4 Nc6 10. Bb5 Bxc3+ 11. bxc3 Qxd5 12. Qxd5 exd5 13. f4 Ke7 14. Ne2
Bg4 15. Ng3 g6 16. O-O Rac8 17. h3 Be6 18. Rfd1 Rhd8 19. Ne2 d4 20. Nxd4 Nxd4
21. cxd4 Rc2 22. a4 Bd5 23. Bf1 Rdc8 24. Ra3 Rb2 25. a5 1/2-1/2

[Event "2.BLS 1718 SC Böblingen - TSV Schönai"]
[Site "?"]
[Date "2017.10.23"]
[Round "2.2"]
[White "Kuklin, Valentin"]
[Black "Saric, Ante"]
[Result "0-1"]
[WhiteElo "2380"]
[BlackElo "2549"]
[PlyCount "82"]
[EventDate "2017.??.??"]

1. e4 c5 2. Nc3 d6 3. g3 Nc6 4. Bg2 g6 5. d3 Bg7 6. Nge2 e5 7. Nd5 Nge7 8. c4
O-O 9. O-O Rb8 10. Bd2 b5 11. b3 Bd7 12. Nec3 b4 13. Nxe7+ Nxe7 14. Nd5 Nxd5
15. cxd5 a5 16. Be3 f5 17. exf5 gxf5 18. f3 f4 19. Bf2 Qf6 20. Qc2 Qf7 21. a3
Qxd5 22. axb4 axb4 23. Qc4 Qxc4 24. dxc4 fxg3 25. hxg3 e4 26. Ra7 exf3 27. Rxd7
fxg2 28. Re1 Rf3 29. Re3 Rxf2 30. Kxf2 Bd4 31. Rde7 Ra8 32. Kxg2 Bxe3 33. Rxe3
Ra2+ 34. Kf3 Rd2 35. Kf4 Kf7 36. g4 h6 37. Rf3 Kg6 38. Re3 Rd4+ 39. Kf3 Kf6 40.
Kg3 Kg5 41. Kh3 Rxg4 0-1

[Event "2.BLS 1718 SC Böblingen - TSV Schönai"]
[Site "?"]
[Date "2017.10.23"]
[Round "2.3"]
[White "Hirneise, Tobias"]
[Black "Vujic, Branimir"]
[Result "1-0"]
[WhiteElo "2459"]
[BlackElo "2347"]
[PlyCount "71"]
[EventDate "2017.??.??"]

1. d4 d5 2. c4 e6 3. Nf3 Nf6 4. g3 Be7 5. Bg2 O-O 6. O-O dxc4 7. Qc2 a6 8. a4
b6 9. Ne5 Ra7 10. Rd1 Bb7 11. e4 Nc6 12. Nxc6 Bxc6 13. Nc3 Ba8 14. Qe2 c6 15.
Qxc4 b5 16. Qf1 Rd7 17. e5 Nd5 18. Nxd5 Rxd5 19. axb5 axb5 20. Bxd5 Qxd5 21.
Qg2 Qb3 22. Be3 Qxb2 23. Ra7 Ba3 24. Qe4 b4 25. Qd3 c5 26. Bc1 Qxd4 27. Qxd4
cxd4 28. Bxa3 bxa3 29. Rxa3 Rc8 30. Rad3 Bd5 31. Rxd4 Rc5 32. g4 g5 33. h3 Kg7
34. Kh2 Kg6 35. Kg3 h5 36. h4 1-0

[Event "2.BLS 1718 SC Böblingen - TSV Schönai"]
[Site "?"]
[Date "2017.10.23"]
[Round "2.5"]
[White "Plenca, Jadranko"]
[Black "Tran, Thanh Kien"]
[Result "1-0"]
[WhiteElo "2463"]
[BlackElo "2224"]
[PlyCount "99"]
[EventDate "2017.??.??"]

1. e4 c5 2. Nf3 d6 3. Bb5+ Nd7 4. c3 Ngf6 5. Qe2 a6 6. Ba4 b5 7. Bc2 e5 8. d4
g6 9. O-O Bg7 10. Rd1 Qc7 11. a4 Rb8 12. axb5 axb5 13. b3 exd4 14. cxd4 O-O 15.
Bd3 c4 16. bxc4 bxc4 17. Bc2 Re8 18. Nc3 Bb7 19. Bf4 Nh5 20. Be3 Nhf6 21. Nd2
d5 22. Ba4 dxe4 23. Nb5 Qd8 24. Bf4 e3 25. fxe3 Nd5 26. Qf2 Nxf4 27. Qxf4 Nb6
28. Nd6 Nxa4 29. Qxf7+ Kh8 30. Nxe8 Qxe8 31. Qxe8+ Rxe8 32. Rxa4 c3 33. Nf1 Be4
34. Ra3 Rc8 35. Rc1 c2 36. Ng3 Bf8 37. Rb3 Bd5 38. Rb2 Bh6 39. Rbxc2 Bxe3+ 40.
Kh1 Rg8 41. Rb1 Ra8 42. Rf1 Rd8 43. Ne2 Be4 44. Rc3 Bd2 45. Rc7 Ba5 46. Re7 Bd3
47. Rd1 Bc4 48. Nf4 Bb3 49. Rd3 Bc4 50. Rh3 1-0